000 00674cam a2200229 i 4500
008
020 _a0198595085 (pbk. )
049 _aMAIN
090 _aTH153
_bFUL
100 1 _aFullerton, R.L.
245 1 0 _aBuilding construction in warm climates
_nvol. 2 /
_cR.L. Fullerton.
260 _aOxford :
_bOxford University Press,
_c1968.
300 _ax, 230 p. :
_bill. ;
_c20 cm.
504 _alncludes bibliographical references.
500 _aIncludes index.
650 0 _aBuilding
_xTropics.
907 _a.b10348396
_b21-10-14
_c21-10-14
003
005 20230120131037.0
040 _cNUST
942 _cBOOKS
_kTH153
_mFUL
999 _c95842
_d95842